| 000 | 00684nam a22002417a 4500 | ||
|---|---|---|---|
| 005 | 20241206154105.0 | ||
| 008 | 241206b ||||| |||| 00| 0 eng d | ||
| 020 | _a9788194769644 | ||
| 040 | _cAL | ||
| 041 | _aeng | ||
| 082 |
_223 _a320.011 _bSINS |
||
| 100 |
_aChetan Singai _9188438 |
||
| 100 |
_dSweta Kumari _9188439 |
||
| 245 | _aState and Political Obligation | ||
| 260 |
_aBengaluru _bMPP House _c2024 |
||
| 300 |
_a331p. _bPB _c23x15cm. |
||
| 365 |
_2Law _a1060 _b383.25 _c₹ _d525.00 _e27% _f28-11-2024 |
||
| 650 |
_aPolitical Ideology _9188440 |
||
| 650 |
_aPower _9188441 |
||
| 700 |
_aSINGAI (Chetan) _9188442 |
||
| 700 |
_aKUMARI (Sweta) _9188443 |
||
| 942 |
_2ddc _cBK |
||
| 999 |
_c232240 _d232240 |
||